The last generation of the roman republic

Salvato in:
Dettagli Bibliografici
Autore principale: Gruen, Erich S (Autore)
Natura: Libro
Lingua:inglese
Pubblicazione: Los Angeles University of California Press 1974
Soggetti:
Tags: Aggiungi Tag
Nessun Tag, puoi essere il primo ad aggiungerne!!

MARC

LEADER 00000nam a2200000 a 4500
001 UCP9076
003 CL-VaPUC
008 000317e19740000US |||||||||||||||||eng|d
082 0 4 |a 937.02  |b GRU  |2 21 
100 |a Gruen, Erich S  |e author  |9 558280 
245 1 4 |a The last generation of the roman republic 
300 |a 596 p 
942 |c BK 
945 |d 20000317 00:00:00  |a rherrera 
260 |a Los Angeles  |b University of California Press  |c 1974 
650 0 |a Historia antigua  |9 267521 
650 7 |a ROMA  |2 CL-VaPUC  |9 317375 
650 0 |a República romana  |9 433651 
650 7 |a CONSULES  |2 CL-VaPUC  |9 382270 
650 0 |a Senado  |9 338613 
650 0 |a Elecciones  |9 254997 
650 7 |a GUERRAS CIVILES  |2 CL-VaPUC  |9 361938 
583 |a last modification  |c 20000317 00:00:00  |k Rodrigo Vera 
999 |c 285927  |d 285925 
952 |0 0  |1 0  |4 0  |6 937_020000000000000_GRU_1974  |7 0  |8 A  |9 330792  |a BIBHIS  |b BIBHIS  |d 2019-11-20  |i 1395637  |o 937.02 GRU 1974  |p 1395637  |r 2025-01-20  |w 2019-11-20  |y BK  |k HIS